000 00528nam a2200169 a 4500
005 20140412111312.0
008 000830s19uu xx 00 eng d
020 _a0-7835-9115-2
050 _aREF 030
_bT55 1996 v.10
245 _aTime Warner discoveries :
_bunder the sea /
_cconsulting editor Dr. Frank H. Talbot.
260 _aHong Kong :
_bTime Warner Books,
_c1997.
300 _a64 p.
440 _aTime Warner Discoveries Library
500 _aIncludes glossary and index
650 _aSea creatures
999 _c104070
_d104070